Postcolonial theory and the specter of capital /

Bibliographic Details
Main Author: Chibber, Vivek, 1965-
Format: Book
Language:English
Published: London : Verso, 2013.
Subjects:

MARC

Tag First Indicator Second Indicator Subfields
LEADER 00000cam a2200000 i 4500
001 in00003112349
005 20151204115043.0
008 121203s2013 enk b 001 0 eng
010 |a  2012040848 
020 |a 9781844679775 (hardback : alk. paper) 
020 |a 1844679772 (hardback : alk. paper) 
020 |a 9781844679768 (paperback. : alk. paper) 
020 |a 1844679764 (paperback. : alk. paper) 
035 |a (OCoLC)ocn783163488 
035 |a (OCoLC)783163488 
040 |a DLC  |b eng  |e rda  |c DLC  |d YDX  |d BTCTA  |d BDX  |d OCLCO  |d YDXCP  |d YNK  |d RCJ  |d BWX  |d UtOrBLW 
042 |a pcc 
043 |a d------ 
049 |a TXAM 
050 0 0 |a JV51  |b .C475 2013 
082 0 0 |a 325/.3  |2 23 
100 1 |a Chibber, Vivek,  |d 1965- 
245 1 0 |a Postcolonial theory and the specter of capital /  |c Vivek Chibber. 
264 1 |a London :  |b Verso,  |c 2013. 
300 |a xii, 306 pages ;  |c 24 cm 
336 |a text  |b txt  |2 rdacontent 
337 |a unmediated  |b n  |2 rdamedia 
338 |a volume  |b nc  |2 rdacarrier 
504 |a Includes bibliographical references and index. 
505 0 0 |t Postcolonial theory and subaltern studies --  |t Dominance without hegemony : the argument explained --  |t Dominance without hegemony : the argument assessed --  |t Dominance without hegemony : the argument in context --  |t Capital's universalizing tendency --  |t Capital, abstract labor, and difference --  |t Culture, interests, and agency --  |t Interests and the other universalism --  |t The (non)problem of historicism --  |t The nation unmoored --  |g Conclusion:  |t Subaltern studies as ideology. 
650 0 |a Postcolonialism  |z Developing countries. 
650 0 |a Capitalism  |z Developing countries. 
938 |a Baker and Taylor  |b BTCP  |n BK0011022227 
938 |a Brodart  |b BROD  |n 102613435  |c $95.00 
938 |a YBP Library Services UK  |b YBPK  |n 100592350 
938 |a Blackwell Book Service  |b BBUS  |n 100592352 
938 |a YBP Library Services  |b YANK  |n 100592352 
947 |a A14835744296 
945 |a PromptCat  |b 277986 
946 |a stk 
994 |a 92  |b TXA 
948 |a cataloged  |b h  |c 2013/4/11  |d c  |e jlanham  |f 8:35:01 am 
999 |a MARS 
999 f f |s 53156f28-8cd9-335e-863e-8392cbbb3553  |i 646e6de2-4549-3a98-8846-601560884712  |t 0 
952 f f |p normal  |a Texas A&M University  |b College Station  |c Sterling C. Evans Library  |d Evans: Library Stacks  |t 0  |e JV51 .C475 2013  |h Library of Congress classification  |i unmediated -- volume  |m A14835744296 
998 f f |a JV51 .C475 2013  |t 0  |l Evans: Library Stacks